000 00890nam a2200265Ia 4500
003 OSt
005 20221005111343.0
006 a|||||r|||| 00| 0
007 ta
008 221004b |||||||| |||| 00| 0 ben d
020 _a9789350009734 (hbk)
_c200
024 _a11903
037 _b344, 20/03/2014, Vani Prakashan
_cTextual
040 _aCRL
_cCRL
_bben
041 _2ben
_aben
082 _aO157,3N26,MR, 152Q2
100 _aमहाश्वेता देवी
245 0 _aमू्र
246 _aMūra
260 _aनई दिल्ली
_bवाणी प्रकाशन भारत
_c2012
300 _a91पृ0
_ccm.
650 _aबंगाली साहित्य
942 _hO157,3N26,MR, 152Q2
_cTEXL
_2cc
999 _c1021580
_d1021580